000 01300naa a2200325 c 4500
001 47569
003 ES-MaCES
005 20160427122939.0
008 160427s2016 us ||||| t||||||| ||eng d
040 _aES-MaCES
_bspa
_cES-MaCES
_dES-MaCES
100 1 _936826
_aCarvalho, Leandro S.
245 1 0 _aPoverty and economic decision-making
_b: evidence from changes in financial resources at payday
_cLeandro S. Carvalho, Stephan Meier, Stephanie W. Wang
500 _aResumen
504 _aBibliografía: p. 282-284
650 4 _927112
_apobreza
650 4 _927081
_acondiciones económicas
650 4 _928133
_arecursos de capital
650 4 _930031
_aingreso de los hogares
650 4 _928387
_asalario
650 4 _927208
_aadministración financiera
650 4 _928194
_atoma de decisiones
650 4 _928889
_aanálisis estadístico
650 4 _928373
_aEstados Unidos
653 1 0 _aCondiciones económicas
700 1 _936827
_aMeier, Stephan
700 1 _936828
_aWang, Stephanie W.
773 0 _984265
_dNashville (Broadway, 2014, Suite 305, TN 37293) American Economic Association
_o087167
_tThe American economic review
_w(ES-MaCES)25404
_gvol. 106, no. 2 (Feb. 2016) {10394 R. 087167} ;p. 260-284
902 _aART Artículo de revista
942 _2CES
_cAR
_h0.0.
999 _c47569
_d47569